Leading Test Cricket Wicket Takers - Statistics

General Stats
  • This quiz has been taken 722 times
    78 since last reset
  • The average score is 9 of 12
Answer Stats
Country Answer Wickets % Correct
England JM Anderson 704
100%
Australia SK Warne 708
99%
India A Kumble 619
85%
Sri Lanka M Muralitharan 800
85%
Afghanistan Rashid Khan 45
84%
South Africa DW Steyn 439
80%
Pakistan Wasim Akram 414
80%
West Indies CA Walsh 519
76%
New Zealand RJ Hadlee 431
72%
Bangladesh Shakib Al Hasan 246
68%
Zimbabwe HH Streak 216
41%
Ireland MR Adair 25
22%
No matching quizzes found
Score Distribution
Percent of People with Each Score
Percentile by Number Answered
Your Score History
You have not taken this quiz since the last reset